Guess the Australian state from the town/city - Statistics

General Stats
  • This quiz has been taken 15 times
  • The average score is 27 of 30
Answer Stats
City/Town State/Territory % Correct
Griffith New South Wales
100%
Port Macquarie New South Wales
100%
Parkes New South Wales
100%
Tennant Creek Northern Territory
100%
Katherine Northern Territory
100%
Toowoomba Queensland
100%
Port Douglas Queensland
100%
Ceduna South Australia
100%
Warrnambool Victoria
100%
Esperance Western Australia
100%
Bourke New South Wales
92%
Cobar New South Wales
92%
Emerald Queensland
92%
Cunnamulla Queensland
92%
Hervey Bay Queensland
92%
Port Augusta South Australia
92%
Port Lincoln South Australia
92%
Burnie Tasmania
92%
Lakes Entrance Victoria
92%
Sale Victoria
92%
Karratha Western Australia
92%
Exmouth Western Australia
92%
Queanbeyan New South Wales
83%
Victor Harbour South Australia
83%
Keith South Australia
83%
Hawker South Australia
83%
Kununurra Western Australia
83%
Port Hedland Western Australia
83%
Davenport Northern Territory
67%
Scottsdale Tasmania
67%
No matching quizzes found
Score Distribution
Percent of People with Each Score
Percentile by Number Answered
Your Score History
You have not taken this quiz